000 00807nam a2200229 i 4500
001 bg
111 2 _aWarsztaty Mobilnych Robotów ;
_d(1999 ;
_cZakopane).
245 0 0 _aWarsztaty robotów mobilnych :
_bDolina Chochołowska wrzesień 1999 /
_cInstytut Podstawowych Problemów Techniki Polskiej Akademii Nauk.
260 _aWarszawa :
_bIPPT,
_c1999.
300 _a115 s. :
_bfot., rys., wykr. ;
_c21 cm.
490 1 _aPrace IPPT,
_x0208-5658 ;
_v8/1999
500 _aTekst częśc. ang.
650 9 _aAutomaty mobilne
655 _aMateriały konferencyjne
710 0 _aInstytut Podstawowych Problemów Techniki Polskiej Akademii Nauk
830 _aPrace IPPT,
_x0208-5658 ;
040 _cBPK
041 w _aplen
080 _a007.5(061)
942 _cKS
008 s pl f |000 0 pol
999 _c35810
_d35810
856 _uhttp://koha.tu.koszalin.pl/cgi-bin/koha/opac-detail.pl?biblionumber=35810
_yKatalog online BPK